| 000 | 00829cab a2200241 4500 | ||
|---|---|---|---|
| 001 | ABS49817 | ||
| 008 | 090401t1993 xxu||||| |||| 00| 0 eng d | ||
| 035 | _a(Sirsi) u72846 | ||
| 041 | _aeng | ||
| 245 | _aNew rules for landlords | ||
| 260 | _c1993 | ||
| 350 | _a0 | ||
| 490 |
_aValuer (ISVA) _v62(10) December 1993, 27(1) |
||
| 520 | _aAdvises principals and agents who let furnished property on the requirements of the amended Furniture and Furnishings (Fire) (Safety) Regulations 1988, which came into force in March 1993. Refers to the DTI guide. | ||
| 650 | _aFURNISHED ACCOMMODATION | ||
| 650 | _aFURNITURE AND FURNISHINGS (FIRE) (SAFETY) REGULATIONS 1988 | ||
| 650 | _aLABELLING | ||
| 650 | _aLABELS | ||
| 650 | _aUPHOLSTERY | ||
| 690 | _aPROPERTY-LANDLORD AND TENANT | ||
| 942 | _n0 | ||
| 948 | _c04/03/1997 | ||
| 999 |
_c46040 _d46040 |
||